Music Quiz

Random Music or Oscar Quiz

Photo Quiz: Best Oscar winning songs Stats

 Plays Quiz not verified by Sporcle

Challenge
Share
Tweet
Score 0/15 Timer 05:00
0 Plays Today
Photo Artist or Song Title % Correct
Movie 4Celine Dion : My Heart Will Go On (Titanic 1997)
84.4%
Movie 7Idina Menzel : Let It Go (Frozen 2013)
84.4%
Movie 4Eminem : Lose Yourself (8 Mile 2002)
79.7%
Movie 12Elton John : Can You Feel the Love Tonight (The Lion King 1994)
71.1%
Movie 14Irene Cara : Flashdance...What a Feeling (Flashdance 1983)
66.7%
Movie 1Berlin : Take My Breath Away (Top Gun 1986)
62.9%
Movie 5Irene Cara : Fame (Fame 1980)
59%
Movie 13Glen Hansard and Marketa Irglova : Falling Slowly (Once 2007)
54%
Photo Artist or Song Title % Correct
Movie 6Bruce Springsteen : Streets of Philadelphia (Philadelphia 1993)
52.1%
Movie 10Audrey Hepburn : Moon River (Breakfast at Tiffany's 1961)
44.8%
Movie 15Bill Medley and Jennifer Warnes : I've Had The Time of My Life (Dirty Dancing 1987)
43.5%
Movie 9Isaac Hayes : Theme from Shaft (Shaft 1971)
42.9%
Movie 2Randy Newman : We Belong Together (Toy Story 3 2010)
38.7%
Movie 11Joe Cocker and Jennifer Warnes : Up Where We Belong (An Officer and a Gentleman 1982)
36.5%
Movie 8Hal David and Burt Bacharach : Raindrops Keep Fallin' on My Head (Butch Cassidy and the Sundance Kid 1969)
31.4%

You're not logged in!

Compare scores with friends on all Sporcle quizzes.
Join for Free
OR
Log In

You Might Also Like...

Show Comments

Extras

Top Quizzes Today


Score Distribution

Your Account Isn't Verified!

In order to create a playlist on Sporcle, you need to verify the email address you used during registration. Go to your Sporcle Settings to finish the process.

Report this User

Report this user for behavior that violates our Community Guidelines.

Details: